Devinez le prénom de ces écrivains célèbres - Gros Quiz - Statistiques

Statistiques générales
  • Ce quiz a été pris 241 fois
    240 depuis la dernière actualisation
  • Le résultat moyen est 23 sur 43
Statistiques - réponses
Hint Réponse % Correct
Hugo Victor
98%
Zola Emile
96%
De Maupassant Guy
94%
Verne Jules
93%
Dumas Alexandre
89%
Pouchkine Alexandre
89%
Soljenitsyne Alexandre
89%
De Balzac Honoré
89%
Sartre Jean-Paul
87%
Marx Karl
87%
Dickens Charles
86%
Rousseau Jean-Jacques
86%
Allan Poe Edgar
81%
Wilde Oscar
79%
Orwell George
78%
Proust Marcel
78%
Vian Boris
77%
Carroll Lewis
73%
Twain Mark
72%
Conan-Doyle Arthur
62%
C. Clarke Arthur
62%
Tolstoï Leon
61%
Joyce James
52%
Christian Andersen Hans
43%
De Cervantès Miguel
40%
Kipling Rudyard
39%
Swift Jonathan
33%
Hardy Thomas
32%
Asimov Isaac
30%
Dostoïevski Fiodor
27%
James Henry
27%
Stevenson Robert Louis
27%
Tolkien J.R.R
24%
Greene Graham
19%
Wolfgang Von Goethe Johann
17%
Dalh Ronald
12%
Wells Herbert George
11%
Pepys Samuel
9%
Johnson Samuel
9%
Borges Jorge Luis
7%
Salinger Jerome David
4%
Lemelin Roger
4%
Lawrence David Herbert
3%
Aucun quiz correspondant
Distribution des résultats
% des personnes avec chaque résultat
Percentile par nombre de réponses
Votre historique - résultats
Vous n’avez pas pris ce quiz depuis la dernière actualisation